Names In The History of Psychology a biographical sourcebook / (Record no. 563272)

000 -LEADER
fixed length control field 00352nam a2200121Ia 4500
008 - FIXED-LENGTH DATA ELEMENTS--GENERAL INFORMATION
fixed length control field 210430s9999 xx 000 0 und d
082 ## - DEWEY DECIMAL CLASSIFICATION NUMBER
Classification number 150.922 Z 967 N
100 ## - MAIN ENTRY--PERSONAL NAME
Personal name Leonard Zusne
245 ## - TITLE STATEMENT
Title Names In The History of Psychology a biographical sourcebook /
Statement of responsibility, etc. Leonard Zusne
260 ## - PUBLICATION, DISTRIBUTION, ETC.
Place of publication, distribution, etc. Islamabad
Name of publisher, distributor, etc. Leonard
Date of publication, distribution, etc. 1975
300 ## - PHYSICAL DESCRIPTION
Extent 489p
942 ## - ADDED ENTRY ELEMENTS (KOHA)
Koha item type Book
Source of classification or shelving scheme
Holdings
Withdrawn status Lost status Source of classification or shelving scheme Damaged status Not for loan Permanent Location Current Location Shelving location Date acquired Full call number Barcode Date last seen Price effective from Koha item type
          School of Chemical & Materials Engineering (SCME) School of Chemical & Materials Engineering (SCME) General Stacks 08/11/4 150.922 Z 967 N SCME-2183 04/30/2021 04/30/2021 Book
© 2023 Central Library, National University of Sciences and Technology. All Rights Reserved.